Statistics for Страны, граничащие только с одной страной

Click here to take the quiz!

General Stats

  • This quiz has been taken 4 062 times
  • The average score is 9 of 17

Answer Stats

Соседняя странаСтрана% Correct
Соединённые Штаты АмерикиКанада
80%
ИталияВатикан
73%
ИспанияПортугалия
71%
Северная КореяЮжная Корея
70%
ВеликобританияИрландия
69%
ИталияСан-Марино
66%
ГерманияДания
59%
ИрландияВеликобритания
56%
ФранцияМонако
55%
Южно-Африканская РеспубликаЛесото
52%
Саудовская АравияКатар
40%
ИндонезияПапуа-Новая Гвинея
39%
Доминиканская РеспубликаГаити
33%
МалайзияБруней
30%
ГаитиДоминиканская Республика
29%
ИндонезияВосточный Тимор
28%
СенегалГамбия
21%

Score Distribution

Percentile by Number Answered

Percent of People with Each Score

Your Score History

You have not taken this quiz